| 000 | 00875nam a2200229 a 4500 | ||
|---|---|---|---|
| 999 |
_c5233 _d5233 |
||
| 005 | 20200121064128.0 | ||
| 008 | 140226s2002 ck abd fr||||o00| 0 spa d | ||
| 040 |
_aCO-BoIAVH _cCO-BoIAVH |
||
| 041 | 0 | _aspa | |
| 044 | _ack | ||
| 082 | 0 | 4 |
_a318.61 _bM66a2001 |
| 110 | 2 |
_aColombia _bMinisterio de Agricultura y Desarrollo Rural |
|
| 245 | 1 | 0 |
_aAnuario estadístico del sector agropecuario 2001 : _bEn defensa del empleo rural _cMinisterio de agricultura y desarrollo rural |
| 260 |
_aBogotá : _bMinisterio de Agricultura y Desarrollo Rural, _c2002. |
||
| 300 |
_a209 páginas _bIlustraciones, mapas, gráficos, tablas _c27.4 x 21.3 cm. |
||
| 650 | 6 | _aSector agropecuario | |
| 650 | 4 |
_aAnuario _xEstadístico |
|
| 650 | 6 | _aProducción agrícola sostenible | |
| 650 | 6 | _aCosecha | |
| 650 | 6 | _aComercio exterior | |
| 942 |
_cLIBRO _2ddc |
||